000
00328nam a2200145Ia 4500
100
_a
Valvano/Jonathan
942
_c
BK
366
_f
15
654
_a
embedded
245
_a
Embedded Microcomputer systems:Real time interfacing
260
_b
Thomson/Brooks
_c
2000
082
_a
4.16
_b
VAL
300
_a
839
546
_a
ENGLISH
999
_c
32452
_d
32452